UBT Library

The Essential desk reference. (Record no. 39364)

000 -LEADER
fixed length control field 00722cam a2200253 a 4500
001 - CONTROL NUMBER
control field 13065753
005 - DATE AND TIME OF LATEST TRANSACTION
control field 20171222094429.0
008 - FIXED-LENGTH DATA ELEMENTS--GENERAL INFORMATION
fixed length control field 030122s2002 nyuab b 001 0 eng d
010 ## - LIBRARY OF CONGRESS CONTROL NUMBER
LC control number 2003268154
020 ## - INTERNATIONAL STANDARD BOOK NUMBER
International Standard Book Number 0195128737 (acidfree paper)
035 ## - SYSTEM CONTROL NUMBER
System control number (OCoLC)ocm49880411
040 ## - CATALOGING SOURCE
Original cataloging agency IPL
Transcribing agency IPL
Modifying agency DLC
041 ## - LANGUAGE CODE
Language code of text/sound track or separate title eng
042 ## - AUTHENTICATION CODE
Authentication code lccopycat
080 ## - UNIVERSAL DECIMAL CLASSIFICATION NUMBER
Universal Decimal Classification number 031 OXF
082 00 - DEWEY DECIMAL CLASSIFICATION NUMBER
Classification number 031 OXF
Edition number 21
100 ## - Rafti
Rafti 23
101 ## - Shkurtesa
Shkurtesa ENC
245 04 - TITLE STATEMENT
Title The Essential desk reference.
504 ## - BIBLIOGRAPHY, ETC. NOTE
Bibliography, etc Includes bibliographical references and index.
906 ## - LOCAL DATA ELEMENT F, LDF (RLIN)
a 7
b cbc
c copycat
d 2
e ncip
f 20
g y-gencatlg
942 ## - ADDED ENTRY ELEMENTS (KOHA)
Source of classification or shelving scheme
Item type Books
Holdings
Withdrawn status Lost status Source of classification or shelving scheme Damaged status Not for loan Collection code Permanent location Current location Shelving location Date acquired Total Checkouts Full call number Barcode Date last seen Price effective from Koha item type
          Koleksioni i përgjithshem UBT - Lipjan UBT - Lipjan Koleksioni i përgjithshem 12/22/2017   031 OXF 002-29891 12/22/2017 12/22/2017 Books
UBT Library © 2015-2024. All rights reserved University Education for Business and Technology